<?xml version="1.0" encoding="UTF-8"?>
<record
    xmlns:xsi="http://www.w3.org/2001/XMLSchema-instance"
    xsi:schemaLocation="http://www.loc.gov/MARC21/slim http://www.loc.gov/standards/marcxml/schema/MARC21slim.xsd"
    xmlns="http://www.loc.gov/MARC21/slim">

  <leader>02555nam a2200385 a 4500</leader>
  <controlfield tag="001">BRCA_4952</controlfield>
  <controlfield tag="005">20190320204856.0</controlfield>
  <controlfield tag="008">221010c1791----sp-#######---#000-0#----#</controlfield>
  <datafield tag="041" ind1=" " ind2=" ">
    <subfield code="a">spa</subfield>
  </datafield>
  <datafield tag="044" ind1=" " ind2=" ">
    <subfield code="a">mx</subfield>
  </datafield>
  <datafield tag="084" ind1=" " ind2=" ">
    <subfield code="a">DOC45</subfield>
    <subfield code="b">.D63</subfield>
    <subfield code="c">1791</subfield>
  </datafield>
  <datafield tag="245" ind1="1" ind2="0">
    <subfield code="a">Documento firmado por el Rey [Carlos IV]</subfield>
    <subfield code="c">Carlos IV ... [et al.].</subfield>
  </datafield>
  <datafield tag="260" ind1=" " ind2=" ">
    <subfield code="a">Madrid</subfield>
    <subfield code="c">1791</subfield>
  </datafield>
  <datafield tag="300" ind1=" " ind2=" ">
    <subfield code="a">[3] fojas</subfield>
    <subfield code="c">30 x 21 cm.</subfield>
  </datafield>
  <datafield tag="500" ind1=" " ind2=" ">
    <subfield code="a">Documento firmado en Palacio el 9 de febrero de 1791.</subfield>
  </datafield>
  <datafield tag="500" ind1=" " ind2=" ">
    <subfield code="a">El Rey [Carlos IV] de  Espa&#xF1;a nombra a Don Mariano Soria para el empleo de Alf&#xE9;rez de la Compa&#xF1;&#xED;a de Don Jos&#xE9; Aldasoro del Regimiento de Dragones de M&#xE9;xico y manda al Virrey y Capit&#xE1;n General de Nueva Espa&#xF1;a, de la orden conveniente para que entre en posesi&#xF3;n de su cargo, libr&#xE1;ndole del derecho de Media Anata por este empleo, en virtud de ser meramente militar. Firma el Rey y el Escribano Manuel de Negrete y de la Torre</subfield>
  </datafield>
  <datafield tag="500" ind1=" " ind2=" ">
    <subfield code="a">Contiene los siguientes acuses de notificaci&#xF3;n: la Contadur&#xED;a de las Indias de Madrid, 15 de febrero de 1791. Firma de Don Lorenzo de Os&#xF3;z.-- El Real Tribunal de la Contadur&#xED;a Mayor y audiencias de Cuentas, 20 de mayo de 1791. Firma de Don Antonio.......?.-- Despacho en la cartera de Tropas y Mesa de Memorias y Alcances de la Contadur&#xED;a Menor de Cuentas, 20 de mayo de 1791. Firma de Don Pedro Mar&#xED;a de Montarde.-- Mesa de Guerra de la Contadur&#xED;a General del Ej&#xE9;rcito y Real Hacienda de esta Capital, 20 de mayo de 1791. Firma de Don Ram&#xF3;n Guti&#xE9;rrez del Mazo y Jos&#xE9; Mar&#xED;a Mart&#xED;nez del Campo.-- Contadur&#xED;a de Real Hacienda  de esta Ciudad, Puebla 26 de mayo de 1971. Firma de Don Manuel Joset de Gainzar.</subfield>
  </datafield>
  <datafield tag="500" ind1=" " ind2=" ">
    <subfield code="a">[Real C&#xE9;dula] Firmada como &#xB4;Yo el Rey&#xB4;.</subfield>
  </datafield>
  <datafield tag="500" ind1=" " ind2=" ">
    <subfield code="a">El documento contiene la leyenda DOC. #54.</subfield>
  </datafield>
  <datafield tag="506" ind1="0" ind2=" ">
    <subfield code="a">Fondo Reservado. Para su consulta es necesario credencial de usuario y carta de motivos.</subfield>
  </datafield>
  <datafield tag="546" ind1=" " ind2=" ">
    <subfield code="a">Texto en: Espa&#xF1;ol de finales del siglo XVIII.</subfield>
  </datafield>
  <datafield tag="600" ind1="1" ind2="4">
    <subfield code="a">Carlos</subfield>
    <subfield code="b">IV,</subfield>
    <subfield code="c">Rey de Espa&#xF1;a,</subfield>
    <subfield code="d">1748-1819</subfield>
    <subfield code="x">Historia</subfield>
    <subfield code="9">12588</subfield>
  </datafield>
  <datafield tag="650" ind1="1" ind2="4">
    <subfield code="a">Documentos legales</subfield>
    <subfield code="v">Impreso</subfield>
    <subfield code="x">Historia</subfield>
    <subfield code="y">Casa de Borb&#xF3;n, 1700</subfield>
    <subfield code="z">Espa&#xF1;a</subfield>
    <subfield code="9">12589</subfield>
  </datafield>
  <datafield tag="651" ind1=" " ind2="4">
    <subfield code="a">M&#xE9;xico</subfield>
    <subfield code="x">Historia</subfield>
    <subfield code="y">Colonia, 1521-1821</subfield>
    <subfield code="9">12461</subfield>
  </datafield>
  <datafield tag="700" ind1="1" ind2=" ">
    <subfield code="a">Soria, Mariano</subfield>
    <subfield code="9">12590</subfield>
  </datafield>
  <datafield tag="700" ind1="1" ind2=" ">
    <subfield code="a">Aldasoro, Jos&#xE9;</subfield>
    <subfield code="9">12591</subfield>
  </datafield>
  <datafield tag="700" ind1="1" ind2=" ">
    <subfield code="a">Negrete y de la Torre, Manuel de</subfield>
    <subfield code="9">12592</subfield>
  </datafield>
  <datafield tag="700" ind1="1" ind2=" ">
    <subfield code="a">Os&#xF3;z, Lorenzo de</subfield>
    <subfield code="9">12593</subfield>
  </datafield>
  <datafield tag="700" ind1="1" ind2=" ">
    <subfield code="a">Montarde, Mar&#xED;a de</subfield>
    <subfield code="9">12594</subfield>
  </datafield>
  <datafield tag="700" ind1="1" ind2=" ">
    <subfield code="a">Guti&#xE9;rrez del Mazo, Ram&#xF3;n</subfield>
    <subfield code="9">12595</subfield>
  </datafield>
  <datafield tag="700" ind1="1" ind2=" ">
    <subfield code="a">Mart&#xED;nez del Campo, Jos&#xE9;</subfield>
    <subfield code="9">12596</subfield>
  </datafield>
  <datafield tag="700" ind1="1" ind2=" ">
    <subfield code="a">Gainzar, Manuel Joset</subfield>
    <subfield code="9">12597</subfield>
  </datafield>
  <datafield tag="902" ind1=" " ind2=" ">
    <subfield code="a">FDH</subfield>
  </datafield>
  <datafield tag="942" ind1=" " ind2=" ">
    <subfield code="2">lcc</subfield>
    <subfield code="c">D</subfield>
  </datafield>
  <datafield tag="999" ind1=" " ind2=" ">
    <subfield code="c">4646</subfield>
    <subfield code="d">4646</subfield>
  </datafield>
  <datafield tag="952" ind1=" " ind2=" ">
    <subfield code="0">0</subfield>
    <subfield code="1">0</subfield>
    <subfield code="4">0</subfield>
    <subfield code="7">0</subfield>
    <subfield code="a">BRCA</subfield>
    <subfield code="b">BRCA</subfield>
    <subfield code="d">2010-10-22</subfield>
    <subfield code="l">0</subfield>
    <subfield code="o">DOC45 .D63 1791</subfield>
    <subfield code="p">5013</subfield>
    <subfield code="r">2019-03-22 00:00:00</subfield>
    <subfield code="w">2019-03-22</subfield>
    <subfield code="y">D</subfield>
  </datafield>
</record>
